Carte des pays d'Europe dans leur langue local - Statistiques

Statistiques générales
  • Ce quiz a été pris 57 fois
    25 depuis la dernière actualisation
  • Le résultat moyen est 18 sur 45
Réponses sur la Carte
Les réponses sont colorées sur une échelle allant du rouge au vert en fonction du pourcentage des utilisateurs qui les ont devinées à leur premier essai. Vous pouvez retrouver ces pourcentages ci-dessous.
 
Statistiques - réponses
Pays % Correct
France
100%
Italia
100%
España
92%
Monaco
92%
Belgique / België
85%
Suisse / Schweiz / Svizzera
85%
Ireland / Éire
77%
United Kingdom
77%
Andorra
69%
Deutschland
69%
Portugal
69%
Luxembourg / Lëtzebuerg
62%
Liechtenstein
54%
Malta
54%
San Marino
54%
Vaticano
54%
Ísland
46%
Polska
46%
România
46%
Österreich
38%
Suomi
38%
Moldova
31%
Danmark
23%
Magyarország
23%
Norge / Noreg
23%
Slovensko
23%
Sverige
23%
Bosna i Hercegovina
15%
Česko
15%
Eesti
15%
Ελλάδα (Elláda)
15%
Hrvatska
15%
Latvija
15%
Lietuva
15%
Nederland
15%
Shqipëria
15%
Slovenija
15%
Беларусь (Bielaruś)
8%
България (Bŭlgariya)
8%
Crna Gora
8%
Kosovë
8%
Україна (Oukraïna)
8%
Россия (Rossiïa)
8%
Северна Македонија (Severna Makedonija)
8%
Srbija
8%
Aucun quiz correspondant
Distribution des résultats
% des personnes avec chaque résultat
Percentile par nombre de réponses
Votre historique - résultats
Vous n’avez pas pris ce quiz depuis la dernière actualisation